02806nam a2200517 a 4500008004100000020001500041041000800056100002500064245007700089250001100166260005900177300001600236500013600252653004300388653007000431653010900501653004100610653005200651653004600703653004600749653005000795653004100845653004800886653001900934653005700953653012501010653008101135653006501216653007601281653005401357653001801411653006301429653004401492653004301536653005701579653013801636653005401774653003801828653003301866653002701899653004301926653008301969653012302052653005802175653005502233110916s1998 ag ||||f |||| 00| 0 spa d a9500615525 aspa1 aMicheli, Federico E. aEnfermedad de Parkinson y trastornos relacionados /cFederico E. Micheli a1a ed. aBuenos Aires:bEditorial Médica Panamericana;c1998. a343 p.bil. aMicheli, F. E. (1998). Enfermedad de Parkinson y trastornos relacionados. (1a ed.). Buenos Aires : Editorial Médica Panamericana. aHistoria de la enfermedad de Parkinson aAnatomía de los núcleos de la base y estructuras relacionadas aOrganización anatomofuncional y fisiopatología de los ganglios basales: implicaciones terapéuticas aBioquímica de los ganglios basales aNeurofisiología de la enfermedad de Parkinson aPatología de la engermedad de Parkinson aEtiología de la enfermedad de Parkinson aEpidemiología de la enfermedad de Parkinson aGenética y enfermedad de Parkinson aDiagnóstico de la enfermedad de Parkinson aParkinsonismos aEnfermedad de Parkinson juvenil y de comienzo precoz aFarmacología de la levodopa, mecanismo de acción y bases de la falla en el largo plazo en la enfermedad de Parkinson aAgonistas dopaminérgicos para el tratamiento de la enfermedad de Parkinson aInhibidores de la monoaminooxidasa y enfermedad de Parkinson aInhibición de la Comt en el tratamiento de la enfermedad de Parkinson aTratamiento de la enfermedad de Parkinson de novo aFluctuaciones aManifestaciones psiquiátricas secundarias al tratamiento aDepresion en la enfermedad de Parkinson aDemencia en la enfermedad de Parkinson aTrastornos del sueño en la enfermedad de Parkinson aInsuficiencia automática en la enfermedad de Parkinson. Manejo de la insuficiencia autonómica en otros síndromes Parkinsonianos aTerapias emergentes en la enfermedad de Parkinson aParkinsonismo inducido por drogas aAtrofia olivopontocerebelosa aSindrome de Shy-Drager aDegeneración corticobasal ganglionar aParálisis supranuclear progresiva. sindrome de Steele- Richardson- Olszewsky aEstudios con tomografía por emisión de positrones en la enfermedad de Parkinson y otros síndromes Parkinsonianos aEscalas de valoración en la enfermedad de Parkinson aGrupos de autoayuda para los enfermos de Parkinson